[Event "Bosnjaci op 28th"]
[Site "Bosnjaci"]
[Date "2024.01.05"]
[Round "4"]
[White "Biti, Ozren"]
[Black "Sipic, Hrvoje"]
[Result "1/2-1/2"]
[WhiteElo "2308"]
[BlackElo "2185"]
[PlyCount "83"]
[EventDate "2024.01.03"]
[EventType "swiss"]
[EventRounds "9"]
[EventCountry "CRO"]
[SourceTitle "CB02_2024"]
[SourceDate "2024.01.10"]
[SourceVersion "1"]
[SourceVersionDate "2024.01.10"]
[SourceQuality "1"]

1. e4 c5 2. Nc3 Nc6 3. Bb5 Nd4 4. Bc4 e6 5. Nge2 a6 6. Nxd4 cxd4 7. Ne2 Bc5 8. d3 b5 9. Bb3 Bb7 10. 0-0 Ne7 11. Ng3 0-0 12. Qh5 Rc8 13. Bd2 Qe8 14. Qh3 Kh8 15. Rae1 f5 16. f3 Qg6 17. a4 b4 18. Nh5 a5 19. Bf4 Rf7 20. Bg3 Qh6 21. Be5 Kg8 22. Nf4 Qxh3 23. Nxh3 Ng6 24. exf5 Rxf5 25. Bg3 Bd5 26. Nf2 Bxb3 27. cxb3 Nf4 28. Bxf4 Rxf4 29. Rc1 Rff8 30. Rc2 Bb6 31. Rfc1 Rxc2 32. Rxc2 Kf7 33. Ng4 Ke7 34. Rc4 Rf5 35. Kf1 Rc5 36. Rxc5 Bxc5 37. Ke2 Bd6 38. g3 Bc7 39. Nf2 d5 40. f4 h5 41. Kf3 Kf6 42. h3 1/2-1/2

[Event "Solta op 6th"]
[Site "Grohote"]
[Date "2023.07.05"]
[Round "9"]
[White "Gelle, Istvan"]
[Black "Biti, Ozren"]
[Result "0-1"]
[WhiteElo "2160"]
[BlackElo "2298"]
[PlyCount "72"]
[EventDate "2023.06.27"]
[EventType "swiss"]
[EventRounds "9"]
[EventCountry "CRO"]
[SourceTitle "EXT 2024"]
[Source "ChessBase"]
[SourceDate "2023.10.10"]
[SourceVersion "1"]
[SourceVersionDate "2023.10.10"]
[SourceQuality "1"]

1. d4 d6 2. Bf4 g6 3. e3 Nd7 4. Nf3 Bg7 5. h3 e5 6. Bh2 Nh6 7. Be2 0-0 8. 0-0 f5 9. c4 g5 10. dxe5 dxe5 11. Nc3 c6 12. Qd2 Qe7 13. Rad1 Nf7 14. a3 Nf6 15. b4 g4 16. hxg4 Nxg4 17. Bg3 Bf6 18. Nh2 Nxh2 19. Bxh2 Kh8 20. c5 Be6 21. f4 Rg8 22. e4 exf4 23. Bxf4 Bb3 24. Rb1 Rad8 25. Qc1 Be6 26. Rd1 Ng5 27. Qe3 Rxd1+ 28. Rxd1 Qg7 29. Bf1 fxe4 30. Nxe4 Nh3+ 31. Kh1 Nxf4 32. Qxf4 Be5 33. Qh4 Bd5 34. Re1 Rf8 35. Bd3 Bxe4 36. Rxe4 Bg3 0-1

[Event "Solta op 6th"]
[Site "Grohote"]
[Date "2023.06.28"]
[Round "2"]
[White "Biti, Ozren"]
[Black "Barbir, Petar"]
[Result "1-0"]
[WhiteElo "2298"]
[BlackElo "1634"]
[PlyCount "57"]
[EventDate "2023.06.27"]
[EventType "swiss"]
[EventRounds "9"]
[EventCountry "CRO"]
[SourceTitle "EXT 2024"]
[Source "ChessBase"]
[SourceDate "2023.10.10"]
[SourceVersion "1"]
[SourceVersionDate "2023.10.10"]
[SourceQuality "1"]

1. e4 c5 2. Nc3 Nc6 3. Bb5 Nd4 4. Bc4 e6 5. Nge2 g6 6. 0-0 d6 7. Nxd4 cxd4 8. Ne2 Bg7 9. c3 dxc3 10. Nxc3 Ne7 11. d4 0-0 12. Bb3 Bd7 13. Bf4 Be8 14. Qd2 d5 15. Bg5 Bc6 16. Rfe1 Re8 17. e5 Qd7 18. g4 Kh8 19. Qf4 Ng8 20. Re3 Rf8 21. Bf6 Bxf6 22. exf6 h6 23. Rh3 Kh7 24. Re1 Qd8 25. g5 Qb8 26. Rxh6+ Nxh6 27. Qh4 a5 28. Qxh6+ Kg8 29. Qg7# 1-0

[Event "CRO Cup"]
[Site "Mali Losinj"]
[Date "2023.05.13"]
[Round "5.4"]
[White "Zaja, Ivan"]
[Black "Biti, Ozren"]
[Result "1-0"]
[WhiteElo "2416"]
[BlackElo "2299"]
[PlyCount "95"]
[EventDate "2023.05.10"]
[EventType "team-swiss"]
[EventRounds "6"]
[EventCountry "CRO"]
[SourceTitle "CBM 214 Extra"]
[Source "ChessBase"]
[SourceDate "2023.07.31"]
[SourceVersion "1"]
[SourceVersionDate "2023.07.31"]
[SourceQuality "1"]
[WhiteTeam "Petar Sedlar CC"]
[BlackTeam "Zagreb Novi"]
[WhiteTeamCountry "CRO"]
[BlackTeamCountry "CRO"]

1. d4 d6 2. c4 e5 3. d5 f5 4. e4 fxe4 5. Nc3 Nf6 6. Nge2 Be7 7. Ng3 0-0 8. Ngxe4 Nxe4 9. Nxe4 Bf5 10. Bd3 Nd7 11. 0-0 a5 12. Qc2 g6 13. Bh6 Rf7 14. Qd2 Bxe4 15. Bxe4 Nf6 16. f3 Qd7 17. Bc2 Nh5 18. g3 Bf8 19. Be3 b6 20. a4 Bg7 21. Rad1 Qh3 22. Qg2 Qxg2+ 23. Kxg2 Nf6 24. Rf2 Nd7 25. h4 Nf6 26. Be4 Raf8 27. Rdf1 Nh5 28. Bd2 Ra8 29. Ra1 Rff8 30. Re2 Nf6 31. Bc2 Nd7 32. Rh1 Nf6 33. g4 e4 34. Bxe4 Nxe4 35. Rxe4 Bxb2 36. Bh6 Rfe8 37. Rhe1 Rxe4 38. Rxe4 Kf7 39. Bg5 Be5 40. f4 Bf6 41. Bxf6 Kxf6 42. Re6+ Kf7 43. Kf3 Rc8 44. g5 Rh8 45. f5 Rc8 46. Ke4 Rg8 47. Kf4 Rc8 48. h5 1-0

[Event "AUT-chT2W 2223"]
[Site "Austria"]
[Date "2023.01.21"]
[Round "7.1"]
[White "Biti, Ozren"]
[Black "Doskocil, Klaus"]
[Result "1/2-1/2"]
[WhiteElo "2318"]
[BlackElo "2150"]
[PlyCount "61"]
[EventDate "2022.09.23"]
[EventType "team-tourn"]
[EventRounds "11"]
[EventCountry "AUT"]
[SourceTitle "CBM 213 Extra"]
[Source "ChessBase"]
[SourceDate "2023.05.31"]
[SourceVersion "1"]
[SourceVersionDate "2023.05.31"]
[SourceQuality "1"]
[WhiteTeam "Schwarzach"]
[BlackTeam "Lustenau"]
[WhiteTeamCountry "AUT"]
[BlackTeamCountry "AUT"]

1. e4 c5 2. Nc3 Nc6 3. Bb5 Nd4 4. Bc4 e6 5. Nge2 a6 6. a4 Ne7 7. Nxd4 cxd4 8. Ne2 d5 9. exd5 Nxd5 10. 0-0 Be7 11. d3 Bf6 12. Ng3 0-0 13. Qf3 Nb4 14. Bd2 Nc6 15. Bb3 Bg5 16. Bxg5 Qxg5 17. Ne4 Qg6 18. Rfe1 e5 19. Qg3 Qxg3 20. hxg3 Bd7 21. Nc5 Bc8 22. Ne4 Bd7 23. Nd6 Rab8 24. a5 Be6 25. Bxe6 fxe6 26. Nc4 Rbc8 27. Re2 Rc7 28. Ra3 Rd8 29. f3 Kf7 30. Rb3 Kf6 31. Ra3 1/2-1/2

[Event "SLO-chT3 West"]
[Site "Komenda"]
[Date "2022.12.09"]
[Round "1.3"]
[White "Strajhar, Albin"]
[Black "Biti, Ozren"]
[Result "0-1"]
[WhiteElo "1687"]
[BlackElo "2304"]
[PlyCount "48"]
[EventDate "2022.12.09"]
[EventType "team-swiss"]
[EventRounds "5"]
[EventCountry "SLO"]
[SourceTitle "EXT 2024"]
[Source "ChessBase"]
[SourceDate "2023.10.10"]
[SourceVersion "1"]
[SourceVersionDate "2023.10.10"]
[SourceQuality "1"]
[WhiteTeam "Menges Trzin"]
[BlackTeam "Posocje"]
[WhiteTeamCountry "SLO"]
[BlackTeamCountry "SLO"]

1. e4 d6 2. Bc4 Nf6 3. d3 c6 4. Nc3 d5 5. exd5 cxd5 6. Bb3 Nc6 7. h3 h6 8. Nf3 e6 9. a3 Bd6 10. Qe2 0-0 11. 0-0 a6 12. d4 b5 13. Be3 Qc7 14. Rfe1 Bb7 15. Qd2 Ne7 16. Qc1 Nf5 17. Ne2 Nxe3 18. Qxe3 Ne4 19. c3 f5 20. Bc2 g5 21. Nd2 Rae8 22. f3 Bh2+ 23. Kh1 f4 24. Nxf4 Bxf4 0-1

[Event "CRO-chT2 Qual 1B Liga"]
[Site "Slavonski Brod"]
[Date "2022.11.19"]
[Round "2.4"]
[White "Matanovic, Luka"]
[Black "Biti, Ozren"]
[Result "1-0"]
[WhiteElo "2253"]
[BlackElo "2313"]
[PlyCount "83"]
[EventDate "2022.11.18"]
[EventType "team-tourn"]
[EventRounds "3"]
[EventCountry "CRO"]
[SourceTitle "EXT 2024"]
[Source "ChessBase"]
[SourceDate "2023.10.10"]
[SourceVersion "1"]
[SourceVersionDate "2023.10.10"]
[SourceQuality "1"]
[WhiteTeam "Slavonski Brod Djakovic"]
[BlackTeam "Zagreb Novi"]
[WhiteTeamCountry "CRO"]
[BlackTeamCountry "CRO"]

1. e4 d6 2. d4 Nf6 3. Bd3 e5 4. c3 Nbd7 5. Nf3 d5 6. dxe5 dxe4 7. exf6 exf3 8. 0-0 Ne5 9. Re1 gxf6 10. Bf4 Be6 11. Bxe5 fxe5 12. Qxf3 c6 13. Na3 Bd6 14. Rad1 Qe7 15. Nc4 Bxc4 16. Bxc4 0-0-0 17. b4 f6 18. b5 Kc7 19. Bd3 Bc5 20. Be4 Rxd1 21. Rxd1 Rd8 22. Rxd8 Qxd8 23. bxc6 Qd2 24. g4 Qe1+ 25. Kg2 Bxf2 26. cxb7 Qg1+ 27. Kh3 Qf1+ 28. Qg2 Qe2 29. a4 Qe3+ 30. Qf3 h6 31. Qxe3 Bxe3 32. Kh4 Bf4 33. h3 Bd2 34. c4 Be3 35. Kh5 Bd2 36. c5 Be3 37. c6 Bg5 38. Kg6 Kb8 39. Kf7 Kc7 40. Ke6 Be3 41. Kxf6 Bf4 42. Ke6 1-0

[Event "CRO Topla Voda Cup"]
[Site "Tuhovec"]
[Date "2022.08.06"]
[Round "3.2"]
[White "Biti, Ozren"]
[Black "Osman, Jovo"]
[Result "1-0"]
[WhiteElo "2175"]
[BlackElo "1569"]
[PlyCount "69"]
[EventDate "2022.08.06"]
[EventType "team-tourn (blitz)"]
[EventRounds "11"]
[EventCountry "CRO"]
[SourceTitle "CBM 209 Extra"]
[Source "ChessBase"]
[SourceDate "2022.09.30"]
[SourceVersion "1"]
[SourceVersionDate "2022.09.30"]
[SourceQuality "1"]
[WhiteTeam "Novi Zagreb"]
[BlackTeam "Ludbreg"]
[WhiteTeamCountry "CRO"]
[BlackTeamCountry "CRO"]

1. e4 e5 2. Nf3 Nc6 3. Bc4 h6 4. d4 exd4 5. Nxd4 Nxd4 6. Qxd4 d6 7. Nc3 Nf6 8. 0-0 c5 9. Qd3 Be7 10. Bf4 0-0 11. Rad1 a6 12. a4 Qb6 13. Rfe1 Nh5 14. Nd5 Nxf4 15. Nxe7+ Kh8 16. Qxd6 Qxd6 17. Rxd6 Re8 18. Nxc8 Raxc8 19. Bxf7 Re7 20. Bc4 Rce8 21. f3 Re5 22. g3 Nh5 23. Rd5 b5 24. Rxe5 Rxe5 25. axb5 axb5 26. Bxb5 Nf6 27. Bc4 Nd7 28. Rd1 Nb6 29. Bf7 Re7 30. Bg6 Nd7 31. h4 Kg8 32. h5 c4 33. Kg2 Nf6 34. Rd8+ Ne8 35. Bxe8 1-0

[Event "Solta op 5th"]
[Site "Grohote"]
[Date "2022.07.09"]
[Round "8"]
[White "Elier, Ali"]
[Black "Biti, Ozren"]
[Result "1-0"]
[WhiteElo "2144"]
[BlackElo "2338"]
[PlyCount "45"]
[EventDate "2022.07.02"]
[EventType "swiss"]
[EventRounds "9"]
[EventCountry "CRO"]
[SourceTitle "EXT 2023"]
[Source "ChessBase"]
[SourceDate "2022.10.05"]
[SourceVersion "1"]
[SourceVersionDate "2022.10.05"]
[SourceQuality "1"]

1. e4 d6 2. d4 Nf6 3. Bd3 e5 4. c3 Nc6 5. Nf3 g6 6. d5 Ne7 7. c4 Bg7 8. Nc3 0-0 9. Bg5 h6 10. Be3 Ng4 11. Bd2 f5 12. h3 Nf6 13. exf5 e4 14. Nxe4 Nxe4 15. Bxe4 Nxf5 16. Qc2 Bxb2 17. Qxb2 Re8 18. 0-0 Rxe4 19. Rfe1 Rxe1+ 20. Rxe1 Bd7 21. g4 Nh4 22. Bxh6 Nxf3+ 23. Kh1 1-0

[Event "Solta op 5th"]
[Site "Grohote"]
[Date "2022.07.06"]
[Round "5"]
[White "Biti, Ozren"]
[Black "Sekelja, Marko"]
[Result "1-0"]
[WhiteElo "2338"]
[BlackElo "2118"]
[PlyCount "89"]
[EventDate "2022.07.02"]
[EventType "swiss"]
[EventRounds "9"]
[EventCountry "CRO"]
[SourceTitle "EXT 2023"]
[Source "ChessBase"]
[SourceDate "2022.10.05"]
[SourceVersion "1"]
[SourceVersionDate "2022.10.05"]
[SourceQuality "1"]

1. e4 c6 2. Nf3 d5 3. d3 Bg4 4. h3 Bxf3 5. Qxf3 e6 6. g3 Nf6 7. Bg2 Nbd7 8. Qe2 dxe4 9. dxe4 Qc7 10. Nd2 Bc5 11. a4 a5 12. Nc4 0-0 13. Bf4 e5 14. Bd2 Ne8 15. 0-0 Nd6 16. Rad1 Rfd8 17. Bg5 f6 18. Be3 b6 19. h4 Kh8 20. Bc1 Nf8 21. Nxd6 Rxd6 22. Rxd6 Bxd6 23. Bh3 Rd8 24. Rd1 Bc5 25. Rd3 Rd4 26. Rxd4 Bxd4 27. Kg2 Qd6 28. Qd2 Bc5 29. Qxd6 Bxd6 30. Be3 Bc7 31. h5 Kg8 32. Bc8 Kf7 33. Bb7 c5 34. Bd5+ Ke7 35. h6 g6 36. Bg8 Nd7 37. Bc4 Nf8 38. Bg8 Nd7 39. f3 Kf8 40. Bd5 Bd8 41. Kf2 f5 42. exf5 gxf5 43. Be6 Nf6 44. Bxf5 Nd5 45. Bd2 1-0

[Event "Solta op 5th"]
[Site "Grohote"]
[Date "2022.07.02"]
[Round "1"]
[White "Biti, Ozren"]
[Black "Novak, Ivo"]
[Result "1-0"]
[WhiteElo "2338"]
[BlackElo "1975"]
[PlyCount "63"]
[EventDate "2022.07.02"]
[EventType "swiss"]
[EventRounds "9"]
[EventCountry "CRO"]
[SourceTitle "EXT 2023"]
[Source "ChessBase"]
[SourceDate "2022.10.05"]
[SourceVersion "1"]
[SourceVersionDate "2022.10.05"]
[SourceQuality "1"]

1. e4 c5 2. Nc3 g6 3. d4 cxd4 4. Qxd4 Nf6 5. Nf3 Nc6 6. Qa4 d6 7. e5 Ng4 8. exd6 Qxd6 9. Bf4 e5 10. Bg3 Bg7 11. Rd1 Qb8 12. Bb5 0-0 13. 0-0 Nh6 14. h3 Nf5 15. Bh2 Nfe7 16. Qa3 f6 17. Bc4+ Kh8 18. Nb5 a6 19. Nd6 h5 20. Nf7+ Kh7 21. Bxe5 fxe5 22. N3g5+ Kg8 23. Nxe5+ Kh8 24. Nef7+ Kg8 25. Nd8+ Kh8 26. Ngf7+ Kh7 27. Ng5+ Kh8 28. Ndf7+ Kg8 29. Rfe1 Qf4 30. Re4 Qf6 31. Rd6 Qf5 32. Nh6+ 1-0

[Event "AUT-chT2W 2122"]
[Site "Austria"]
[Date "2022.03.13"]
[Round "11.5"]
[White "Biti, Ozren"]
[Black "Gatterer, Florian"]
[Result "1/2-1/2"]
[WhiteElo "2348"]
[BlackElo "2177"]
[PlyCount "75"]
[EventDate "2021.10.15"]
[EventType "team-tourn"]
[EventRounds "11"]
[EventCountry "AUT"]
[SourceTitle "EXT 2023"]
[Source "ChessBase"]
[SourceDate "2022.10.05"]
[SourceVersion "1"]
[SourceVersionDate "2022.10.05"]
[SourceQuality "1"]
[WhiteTeam "Schwarzach"]
[BlackTeam "Rochade Rum"]
[WhiteTeamCountry "AUT"]
[BlackTeamCountry "AUT"]

1. e4 c6 2. Nf3 d5 3. d3 Bg4 4. h3 Bxf3 5. Qxf3 e6 6. g3 Nd7 7. Bg2 Bc5 8. Qe2 Ne7 9. Nd2 0-0 10. Nf3 Qc7 11. c3 a5 12. Bf4 Bd6 13. e5 Bc5 14. d4 Ba7 15. h4 c5 16. 0-0 a4 17. h5 Rac8 18. h6 g6 19. Bg5 Nc6 20. Rfd1 Qa5 21. a3 cxd4 22. cxd4 Bb6 23. Bf1 Bd8 24. Bd2 Qa7 25. Rac1 Bb6 26. Bc3 Bd8 27. Rb1 Be7 28. Qe3 Na5 29. Qe1 Nc6 30. Nh2 Rfd8 31. Ng4 Re8 32. Qe3 Qb6 33. Qf4 Ra8 34. Qd2 Rec8 35. Rbc1 Qd8 36. Qe1 Bg5 37. Rb1 Be7 38. Rbc1 1/2-1/2

[Event "AUT-chT2W 1920"]
[Site "Austria"]
[Date "2020.01.18"]
[Round "7.2"]
[White "Biti, Ozren"]
[Black "Atlas, Dimitry"]
[Result "1-0"]
[WhiteElo "2366"]
[BlackElo "2221"]
[PlyCount "115"]
[EventDate "2019.10.04"]
[EventType "team-tourn"]
[EventRounds "11"]
[EventCountry "AUT"]
[SourceTitle "CBM 195 Extra"]
[Source "ChessBase"]
[SourceDate "2020.05.31"]
[SourceVersion "1"]
[SourceVersionDate "2020.05.31"]
[SourceQuality "1"]
[WhiteTeam "Schwarzach"]
[BlackTeam "Hohenems II"]
[WhiteTeamCountry "AUT"]
[BlackTeamCountry "AUT"]

1. e4 e6 2. Qe2 Be7 3. Nf3 d5 4. d3 Nf6 5. g3 c5 6. Bg2 Nc6 7. 0-0 0-0 8. e5 Nd7 9. c4 b5 10. cxb5 Na5 11. Qc2 a6 12. a4 c4 13. dxc4 Nxc4 14. Re1 axb5 15. b3 Ncb6 16. Nd4 b4 17. Nc6 Qe8 18. Be3 Ba6 19. a5 Nc8 20. Nd2 Nb8 21. Nxe7+ Nxe7 22. Nf3 Qd7 23. Ng5 Ng6 24. Rad1 Rc8 25. Qb1 h6 26. Nxe6 fxe6 27. Qxg6 Nc6 28. Bxh6 Qf7 29. Qg4 Ra7 30. Be3 Rd7 31. f4 Ne7 32. Rc1 Rc3 33. Bd2 Rxb3 34. Qd1 Bc4 35. Be3 Nc6 36. Bb6 Nb8 37. Qd2 Na6 38. Bh3 Rd3 39. Qf2 g6 40. Bf1 Rc3 41. Rxc3 bxc3 42. Rc1 Qf5 43. Rxc3 Qb1 44. Re3 d4 45. Re1 Qb4 46. Rd1 d3 47. Qf3 Qb3 48. Rd2 Qc3 49. Be3 Nb4 50. Qa8+ Kg7 51. Qc8 Rf7 52. Kf2 Nd5 53. Bxd3 Rc7 54. Qxe6 Nxf4 55. Qf6+ Kh7 56. Qh4+ Kg7 57. Bxc4 Rxc4 58. gxf4 1-0

[Event "AUT-chT2W 1920"]
[Site "Austria"]
[Date "2020.01.17"]
[Round "6.2"]
[White "Neuberger, Guido"]
[Black "Biti, Ozren"]
[Result "0-1"]
[WhiteElo "2246"]
[BlackElo "2366"]
[PlyCount "60"]
[EventDate "2019.10.04"]
[EventType "team-tourn"]
[EventRounds "11"]
[EventCountry "AUT"]
[SourceTitle "CBM 195 Extra"]
[Source "ChessBase"]
[SourceDate "2020.05.31"]
[SourceVersion "1"]
[SourceVersionDate "2020.05.31"]
[SourceQuality "1"]
[WhiteTeam "Wolfurt"]
[BlackTeam "Schwarzach"]
[WhiteTeamCountry "AUT"]
[BlackTeamCountry "AUT"]

1. d4 d6 2. e4 Nf6 3. Nc3 e5 4. dxe5 dxe5 5. Qxd8+ Kxd8 6. Bc4 Ke8 7. f3 c6 8. a4 a5 9. h4 Nbd7 10. Nh3 Nb6 11. Bb3 Bxh3 12. Rxh3 Nfd7 13. Be3 Bc5 14. Ke2 Bxe3 15. Kxe3 Nc5 16. Ra3 Rd8 17. Rg3 g6 18. h5 Ke7 19. hxg6 hxg6 20. Rg5 Kf6 21. f4 exf4+ 22. Kxf4 Rh4+ 23. g4 Nbd7 24. e5+ Kg7 25. Ne4 Nxe4 26. Kxe4 Nc5+ 27. Kf4 Rh3 28. c3 Rdd3 29. e6 Rhf3+ 30. Ke5 f6# 0-1

[Event "Zagreb Hulak Memorial op 4th"]
[Site "Zagreb"]
[Date "2019.12.09"]
[Round "4"]
[White "Nguyen, Piotr"]
[Black "Biti, Ozren"]
[Result "1-0"]
[WhiteElo "2413"]
[BlackElo "2370"]
[PlyCount "107"]
[EventDate "2019.12.07"]
[EventType "swiss"]
[EventRounds "9"]
[EventCountry "CRO"]
[SourceTitle "CBM 193 Extra"]
[Source "ChessBase"]
[SourceDate "2020.01.31"]
[SourceVersion "1"]
[SourceVersionDate "2020.01.31"]
[SourceQuality "1"]

1. d4 d6 2. Nf3 g6 3. g3 Bg7 4. Bg2 Nd7 5. 0-0 e5 6. dxe5 dxe5 7. Nc3 Ngf6 8. Nd2 0-0 9. a4 Re8 10. a5 a6 11. Nc4 Qe7 12. e4 Nc5 13. Bg5 c6 14. Qd6 Qxd6 15. Nxd6 Rd8 16. Rad1 Ne6 17. Bxf6 Bxf6 18. Na4 Nd4 19. Nb6 Bg4 20. f3 Be6 21. Nxa8 Rxa8 22. c3 Nb3 23. f4 Nxa5 24. f5 Bb3 25. fxg6 fxg6 26. Rxf6 Bxd1 27. b4 Nb3 28. Bh3 Nd2 29. Be6+ Kh8 30. Kf2 Rd8 31. Nxb7 Nxe4+ 32. Ke3 Nxf6 33. Nxd8 Bg4 34. Bxg4 Nxg4+ 35. Ke4 Nxh2 36. Nxc6 Nf1 37. c4 Kg7 38. b5 Nd2+ 39. Kd5 Nxc4 40. bxa6 Nb6+ 41. Kxe5 h5 42. Kd6 g5 43. Nd4 h4 44. gxh4 gxh4 45. Nf5+ Kf6 46. Nxh4 Nc8+ 47. Kc7 Na7 48. Kb6 Nc8+ 49. Kb7 Nd6+ 50. Kc6 Nc8 51. Nf3 Ke7 52. Kc7 Nd6 53. Nd4 Ne8+ 54. Kc6 1-0

[Event "CRO-chT1A 28th"]
[Site "Mali Losinj"]
[Date "2019.10.06"]
[Round "9.33"]
[White "Stevic, Hrvoje"]
[Black "Biti, Ozren"]
[Result "1/2-1/2"]
[WhiteElo "2570"]
[BlackElo "2366"]
[PlyCount "21"]
[EventDate "2019.09.28"]
[EventType "team-tourn"]
[EventRounds "9"]
[EventCountry "CRO"]
[SourceTitle "EXT 2020"]
[Source "ChessBase"]
[SourceDate "2019.10.17"]
[SourceVersion "1"]
[SourceVersionDate "2019.10.17"]
[SourceQuality "1"]
[WhiteTeam "Zagreb Zagreb"]
[BlackTeam "Dakovo Limont"]
[WhiteTeamCountry "CRO"]
[BlackTeamCountry "CRO"]

1. g3 Nf6 2. Bg2 d5 3. Nf3 c6 4. 0-0 g6 5. d4 Bg7 6. c4 0-0 7. cxd5 cxd5 8. Ne5 Nbd7 9. Nc3 e6 10. Nxd7 Bxd7 11. Bf4 1/2-1/2

[Event "CRO-chT1A 28th"]
[Site "Mali Losinj"]
[Date "2019.10.04"]
[Round "7.23"]
[White "Cvitan, Ognjen"]
[Black "Biti, Ozren"]
[Result "1/2-1/2"]
[WhiteElo "2489"]
[BlackElo "2366"]
[PlyCount "39"]
[EventDate "2019.09.28"]
[EventType "team-tourn"]
[EventRounds "9"]
[EventCountry "CRO"]
[SourceTitle "EXT 2020"]
[Source "ChessBase"]
[SourceDate "2019.10.17"]
[SourceVersion "1"]
[SourceVersionDate "2019.10.17"]
[SourceQuality "1"]
[WhiteTeam "Solin Cemex"]
[BlackTeam "Dakovo Limont"]
[WhiteTeamCountry "CRO"]
[BlackTeamCountry "CRO"]

1. d4 d6 2. e4 Nf6 3. Nc3 e5 4. Nf3 Nbd7 5. Bc4 Be7 6. a4 0-0 7. 0-0 a5 8. h3 c6 9. Re1 exd4 10. Qxd4 Nb6 11. Ba2 Nfd7 12. Bf4 Nc5 13. Rad1 Be6 14. Bxd6 Qxd6 15. Qxd6 Bxd6 16. Bxe6 fxe6 17. Rxd6 Nbxa4 18. Nxa4 Nxa4 19. b3 Nc5 20. Ne5 1/2-1/2

[Event "CRO-chT1A 28th"]
[Site "Mali Losinj"]
[Date "2019.10.03"]
[Round "6.52"]
[White "Bosiocic, Marin"]
[Black "Biti, Ozren"]
[Result "1-0"]
[WhiteElo "2619"]
[BlackElo "2366"]
[PlyCount "97"]
[EventDate "2019.09.28"]
[EventType "team-tourn"]
[EventRounds "9"]
[EventCountry "CRO"]
[SourceTitle "EXT 2020"]
[Source "ChessBase"]
[SourceDate "2019.10.17"]
[SourceVersion "1"]
[SourceVersionDate "2019.10.17"]
[SourceQuality "1"]
[WhiteTeam "Rijeka Rijeka"]
[BlackTeam "Dakovo Limont"]
[WhiteTeamCountry "CRO"]
[BlackTeamCountry "CRO"]

1. e4 d6 2. d4 Nf6 3. Nc3 e5 4. Nf3 Nbd7 5. Bc4 Be7 6. 0-0 0-0 7. a4 a5 8. h3 c6 9. Re1 exd4 10. Qxd4 Nb6 11. Ba2 d5 12. exd5 Nfxd5 13. Bxd5 Nxd5 14. Nxd5 cxd5 15. Bf4 Bf5 16. c3 Be4 17. Nd2 Bg6 18. Nf1 Rc8 19. Qa7 Bc5 20. Qxb7 d4 21. Be5 f6 22. Bxd4 Rb8 23. Qf3 Bxd4 24. Rad1 Bxf2+ 25. Qxf2 Qb6 26. Rd2 Qxf2+ 27. Kxf2 Rfe8 28. Rxe8+ Bxe8 29. Ne3 Bxa4 30. Nc4 Rb5 31. Rd8+ Kf7 32. Ra8 Rf5+ 33. Kg1 Rc5 34. Nxa5 Bc2 35. Ra7+ Kg6 36. c4 Rg5 37. Kf2 Be4 38. g3 Rf5+ 39. Ke3 Bg2 40. b4 Rf3+ 41. Kd4 Rxg3 42. b5 f5 43. c5 Bf1 44. b6 Rd3+ 45. Ke5 Re3+ 46. Kd6 Rd3+ 47. Kc7 Bg2 48. c6 f4 49. Ra8 1-0

[Event "CRO-chT1A 28th"]
[Site "Mali Losinj"]
[Date "2019.10.01"]
[Round "4.53"]
[White "Muse, Drazen"]
[Black "Biti, Ozren"]
[Result "1/2-1/2"]
[WhiteElo "2357"]
[BlackElo "2366"]
[PlyCount "85"]
[EventDate "2019.09.28"]
[EventType "team-tourn"]
[EventRounds "9"]
[EventCountry "CRO"]
[SourceTitle "EXT 2020"]
[Source "ChessBase"]
[SourceDate "2019.10.17"]
[SourceVersion "1"]
[SourceVersionDate "2019.10.17"]
[SourceQuality "1"]
[WhiteTeam "Vukovar"]
[BlackTeam "Dakovo Limont"]
[WhiteTeamCountry "CRO"]
[BlackTeamCountry "CRO"]

1. Nf3 d6 2. d4 g6 3. e4 Nf6 4. Bd3 Bg7 5. c3 0-0 6. 0-0 Nc6 7. Na3 e5 8. dxe5 Nxe5 9. Nxe5 dxe5 10. Qe2 Qe7 11. Nc4 h6 12. b3 Rd8 13. Ba3 Qe8 14. Rad1 Nh5 15. g3 Bh3 16. Rfe1 b6 17. Qe3 Nf6 18. f3 a5 19. Be2 Rxd1 20. Rxd1 a4 21. b4 h5 22. Bc1 Nd7 23. Qd3 Be6 24. Ne3 Nf6 25. Qc2 Bf8 26. Nd5 Nxd5 27. exd5 Bf5 28. Bd3 Bxd3 29. Qxd3 Qd7 30. a3 b5 31. Be3 Bd6 32. Kg2 Re8 33. c4 e4 34. fxe4 bxc4 35. Qxc4 Qg4 36. Rd4 h4 37. e5 h3+ 38. Kf2 Qf5+ 39. Rf4 Qxe5 40. Qd4 Qg5 41. Rf3 Qe5 42. Rf4 Qg5 43. Rf3 1/2-1/2

[Event "CRO Cup"]
[Site "Mali Losinj"]
[Date "2019.05.19"]
[Round "6.41"]
[White "Lalic, Bogdan"]
[Black "Biti, Ozren"]
[Result "1/2-1/2"]
[WhiteElo "2400"]
[BlackElo "2366"]
[PlyCount "33"]
[EventDate "2019.05.15"]
[EventType "team-swiss"]
[EventRounds "6"]
[EventCountry "CRO"]
[SourceTitle "CBM 190 Extra"]
[Source "ChessBase"]
[SourceDate "2019.07.15"]
[SourceVersion "1"]
[SourceVersionDate "2019.07.15"]
[SourceQuality "1"]
[WhiteTeam "Kastel Novi Sedlar"]
[BlackTeam "Dakovo"]
[WhiteTeamCountry "CRO"]
[BlackTeamCountry "CRO"]

1. d4 d6 2. Nf3 g6 3. c4 Bg7 4. e4 e5 5. Nc3 Nc6 6. Bg5 f6 7. Be3 Nh6 8. dxe5 dxe5 9. Qxd8+ Kxd8 10. Rd1+ Bd7 11. Nd5 Nf7 12. c5 a5 13. Bc4 Rf8 14. 0-0 Kc8 15. Rd3 Bg4 16. h3 Bxf3 17. gxf3 1/2-1/2

[Event "CRO Cup"]
[Site "Mali Losinj"]
[Date "2019.05.17"]
[Round "4.51"]
[White "Krstic, Uros"]
[Black "Biti, Ozren"]
[Result "1/2-1/2"]
[WhiteElo "2361"]
[BlackElo "2366"]
[PlyCount "25"]
[EventDate "2019.05.15"]
[EventType "team-swiss"]
[EventRounds "6"]
[EventCountry "CRO"]
[SourceTitle "CBM 190 Extra"]
[Source "ChessBase"]
[SourceDate "2019.07.15"]
[SourceVersion "1"]
[SourceVersionDate "2019.07.15"]
[SourceQuality "1"]
[WhiteTeam "Strigova Stridon"]
[BlackTeam "Dakovo"]
[WhiteTeamCountry "CRO"]
[BlackTeamCountry "CRO"]

1. e4 e5 2. Nf3 Nf6 3. Nc3 Nc6 4. g3 d6 5. Bg2 Bg4 6. h3 Bxf3 7. Qxf3 Be7 8. 0-0 0-0 9. Qd1 Nd4 10. Ne2 Nxe2+ 11. Qxe2 c6 12. c3 Qc7 13. d3 1/2-1/2